00190nam a2200073Ia 4500008004100000100001500041245005200056260000800108120527s9999 xx 000 0 und d aKLINE, C.K aAgricultural mechanization in equatorial Africa bI.A